000
00289nam a2200109Ia 4500
005
20251222154431.0
008
251222s9999||||xx |||||||||||||| ||spa||
082
_a
327.85/B16
100
_a
"Bailey Lembcke, Jorge"
245
0
_a
Recuerdos de un diplomático peruano (1917-1954)
942
_c
LIB
999
_c
36424
_d
36424